| 000 | 00693nam a2200181Ia 4500 | ||
|---|---|---|---|
| 008 | 151202s9999||||xx |||||||||||||| ||und|| | ||
| 082 | _bPNVM-60312 | ||
| 100 | _aकुलकर्णी नीलाम्बरी. | ||
| 245 | _aगौरीच आठव पाऊल. | ||
| 260 | _b"महाराष्ट्र ग्रंथ भांडार,कोल्हापूर." | ||
| 260 | _c60312 | ||
| 300 | _a139 | ||
| 600 | _aकुलकर्णी नीलाम्बरी. | ||
| 630 | _aगौरीच आठव पाऊल. | ||
| 700 | _aकुलकर्णी नीलाम्बरी. | ||
| 730 | _aगौरीच आठव पाऊल. | ||
| 942 | _cBOOK | ||
| 999 |
_c1326846 _d1326843 |
||